00470nam a2200145Ia 4500008004100000020001500041041000800056082001600064100002300080245014400103250000600247260005100253300001100304650000900315210716s1985 xx 000 0 und d a0030018870 aeng a338.04 HENC aHenderson, Carter. aWinners: the successful strategies entrepreneurs use to build new business.bSuccessful strategies entrepreneurs use to build new business. a1 aNew YorkbHolt, Rinehart and winston Incc1985 aix,245 aNone